000 00744nam a2200277 i 4500
999 _c88039
_d88039
001 C2-0281733
003 PPAK
005 20190313120700.0
008 070829s200 my a|||| ||||| | may d
020 _a9789831975961
040 _aPPAK
_beng
_cPPAK
_erda
082 0 4 _a899.233
_223
090 0 0 _a899.233
_bNAZ
_dG
100 0 _aNazlah,
_eauthor
245 1 0 _aDiari sebuah hati
264 1 _aKuala Lumpur :
_bSynergy Media ,
_c[200?]
300 _a178 pages :
_billustrations ;
_c18 cm
336 _2rdacontent
_atext
337 _2rdamedia
_aunmediated
338 _2rdacarrier
_avolume
490 1 _aNovel remaja Islam
650 1 0 _aMalay fiction.
700 0 _aYahya,
_eeditor
830 0 _aNovel remaja Islam
942 _cB
_2ddc